Library of the University of Algiers 3
Ibrahim Sultan Cheibout
شعار جامعة الجزائر 3
مكتبة جامعة الجزائر 3
إبراهيم سلطان شيبوط

جدوى اللجوء الى التحكيم التجاري الدولي / (رقم التسجيلة. 45659)

تفاصيل مارك
000 -LEADER
fixed length control field 01448nam a2200217Ia 4500
003 - CONTROL NUMBER IDENTIFIER
control field Ost
005 - DATE AND TIME OF LATEST TRANSACTION
control field 20260507075654.0
008 - FIXED-LENGTH DATA ELEMENTS--GENERAL INFORMATION
fixed length control field 260507s9999||||xx |||||||||||||| ||und||
040 ## - CATALOGING SOURCE
Transcribing agency fsecg
041 ## - LANGUAGE CODE
Language code of text/sound track or separate title ara
100 ## - MAIN ENTRY--PERSONAL NAME
Personal name خالد، هشام
Relator term مؤلف
245 #0 - TITLE STATEMENT
Title جدوى اللجوء الى التحكيم التجاري الدولي /
Statement of responsibility, etc. هشام خالد
260 ## - PUBLICATION, DISTRIBUTION, ETC.
Place of publication, distribution, etc. الاسكندرية:
Name of publisher, distributor, etc. منشأة المعاف,
Date of publication, distribution, etc. 2005
300 ## - PHYSICAL DESCRIPTION
Extent صفحة؛
Other physical details إيضاحات ؛
Dimensions 24 سم
490 ## - SERIES STATEMENT
Series statement المكتبة القانونية
504 ## - BIBLIOGRAPHY, ETC. NOTE
Bibliography, etc. note مراجع ص.625
520 ## - SUMMARY, ETC.
Summary, etc. مزايا التحكيم التجاري الدولي، رغبة الخصوم في تحسين سير العدالة، رغبة الخصوم في الحصول على عدالة مختلفة عن تلك التي تعطيها المحاكم، رغبة الخصوم في أن يكون التحكيم ذا طبيعة توفيقية، رغبة الخصوم في حسم منازعات تخرج عن ولاية المحاكم، أمراض التحكيم التجاري الدولي، أمراض التحكيم التجاري الدولي وسوء ممثلي الدول النامية ومستشاريها أمام محاكم التحكيم الدولية، أمراض التحكيم التجاري الدولي ومسلك بعض الجهات في بعض الدول (مصر).
653 ## - INDEX TERM--UNCONTROLLED
Uncontrolled term التجارة
653 ## - INDEX TERM--UNCONTROLLED
Uncontrolled term التحكيم الدولي
942 ## - ADDED ENTRY ELEMENTS (KOHA)
Koha item type كتب

لا توجد مواد متاحة.

موارد الويب المفتوحة


© University of Algiers 3 All Rights Reserved
|
Implemented by LECHELAH Riad